MARC details
| 000 -LEADER |
| fixed length control field |
02410cam a2200565 i 4500 |
| 001 - CONTROL NUMBER |
| control field |
sjds840888 |
| 003 - CONTROL NUMBER IDENTIFIER |
| control field |
sjds |
| 005 - DATE AND TIME OF LATEST TRANSACTION |
| control field |
20160905104813.0 |
| 008 - FIXED-LENGTH DATA ELEMENTS--GENERAL INFORMATION |
| fixed length control field |
151230s2016 scua b b 000 1 spa |
| 010 ## - LIBRARY OF CONGRESS CONTROL NUMBER |
| LC control number |
2015030427 |
| 020 ## - INTERNATIONAL STANDARD BOOK NUMBER |
| International Standard Book Number |
9781628557411 (spanish pbk.) |
| 020 ## - INTERNATIONAL STANDARD BOOK NUMBER |
| International Standard Book Number |
1628557419 (spanish pbk.) |
| 020 ## - INTERNATIONAL STANDARD BOOK NUMBER |
| Canceled/invalid ISBN |
9781628557558 (spanish downloadable ebook) |
| 020 ## - INTERNATIONAL STANDARD BOOK NUMBER |
| Canceled/invalid ISBN |
9781628557695 (spanish interactive dual-language ebook) |
| 020 ## - INTERNATIONAL STANDARD BOOK NUMBER |
| Canceled/invalid ISBN |
9781628557275 (english hardcover) |
| 020 ## - INTERNATIONAL STANDARD BOOK NUMBER |
| Canceled/invalid ISBN |
1628557273 (english hardcover) |
| 020 ## - INTERNATIONAL STANDARD BOOK NUMBER |
| Canceled/invalid ISBN |
9781628557343 (english pbk.) |
| 020 ## - INTERNATIONAL STANDARD BOOK NUMBER |
| Canceled/invalid ISBN |
1628557346 (english pbk.) |
| 020 ## - INTERNATIONAL STANDARD BOOK NUMBER |
| Canceled/invalid ISBN |
9781628557480 (english downloadable ebook) |
| 020 ## - INTERNATIONAL STANDARD BOOK NUMBER |
| Canceled/invalid ISBN |
9781628557626 (english interactive dual-language ebook) |
| 035 ## - SYSTEM CONTROL NUMBER |
| System control number |
(OCoLC)933587918 |
| 035 ## - SYSTEM CONTROL NUMBER |
| System control number |
831429 |
| 035 ## - SYSTEM CONTROL NUMBER |
| System control number |
(OCoLC)ocn933587918 |
| 035 ## - SYSTEM CONTROL NUMBER |
| System control number |
831429 |
| 040 ## - CATALOGING SOURCE |
| Original cataloging agency |
DLC |
| Language of cataloging |
eng |
| Description conventions |
rda |
| Transcribing agency |
DLC |
| Modifying agency |
BDX |
| -- |
SXP |
| -- |
IFA |
| 041 1# - LANGUAGE CODE |
| Language code of text/sound track or separate title |
spa |
| Language code of original |
eng |
| 042 ## - AUTHENTICATION CODE |
| Authentication code |
lcac |
| -- |
pcc |
| 049 ## - LOCAL HOLDINGS (OCLC) |
| Holding library |
IFAA |
| 099 ## - LOCAL FREE-TEXT CALL NUMBER (OCLC) |
| Filing suffix |
2016 |
| 999 ## - SYSTEM CONTROL NUMBERS (KOHA) |
| Koha Dewey Subclass [OBSOLETE] |
ESPANOL PICTURE BOOKS WEBER 2016 |
| 100 1# - MAIN ENTRY--PERSONAL NAME |
| Personal name |
Weber, Jen Funk, |
| Relator term |
author. |
| 240 10 - UNIFORM TITLE |
| Uniform title |
<a href="Been there, done that: reading animal signs.">Been there, done that: reading animal signs.</a> |
| Language of a work |
lSpanish |
| 245 10 - TITLE STATEMENT |
| Title |
Alguien ha estado aquí, alguien lo ha hecho : |
| Remainder of title |
descifrando las señales de los animales / |
| Statement of responsibility, etc. |
por Jen Funk Weber ; ilustrado por Andrea Gabriel. |
| 260 ## - PUBLICATION, DISTRIBUTION, ETC. (IMPRINT) |
| Place of publication, distribution, etc. |
Mount Pleasant, SC : |
| Name of publisher, distributor, etc. |
Arbordale Publishing, |
| Date of publication, distribution, etc. |
[2016] |
| 300 ## - PHYSICAL DESCRIPTION |
| Extent |
1 volume (unpaged) : |
| Other physical details |
color illustrations ; |
| Dimensions |
25 cm |
| 336 ## - CONTENT TYPE |
| Content type term |
text |
| Source |
rdacontent |
| 336 ## - CONTENT TYPE |
| Content type term |
still image |
| Source |
rdacontent |
| 337 ## - MEDIA TYPE |
| Media type term |
unmediated |
| Source |
rdamedia |
| 338 ## - CARRIER TYPE |
| Carrier type term |
volume |
| Source |
rdacarrier |
| 504 ## - BIBLIOGRAPHY, ETC. NOTE |
| Bibliography, etc |
Includes bibliographical references. |
| 520 ## - SUMMARY, ETC. |
| Summary, etc. |
When Cole's visit with his friend Helena nears its end, he asks where all the wild animals are and she takes him on a trail, showing signs of beavers, snowshoe hares, eagles, and more along the way. Includes activities. |
| 650 #0 - SUBJECT ADDED ENTRY--TOPICAL TERM |
| Topical term or geographic name as entry element |
Tracking and trailing |
| Form subdivision |
Juvenile fiction. |
| 650 #0 - SUBJECT ADDED ENTRY--TOPICAL TERM |
| Topical term or geographic name as entry element |
Animal tracks |
| Form subdivision |
Juvenile fiction. |
| 650 #0 - SUBJECT ADDED ENTRY--TOPICAL TERM |
| Topical term or geographic name as entry element |
Nature study |
| Form subdivision |
Juvenile fiction. |
| 650 #7 - SUBJECT ADDED ENTRY--TOPICAL TERM |
| Topical term or geographic name as entry element |
Estudio de la naturaleza |
| Form subdivision |
Novela juvenil. |
| Source of heading or term |
bidex |
| 650 #1 - SUBJECT ADDED ENTRY--TOPICAL TERM |
| Topical term or geographic name as entry element |
Spanish language materials. |
| 700 1# - ADDED ENTRY--PERSONAL NAME |
| Personal name |
Gabriel, Andrea, |
| Relator term |
illustrator. |
| 776 08 - ADDITIONAL PHYSICAL FORM ENTRY |
| Relationship information |
Online version: |
| Main entry heading |
Weber, Jen Funk, author. |
| Title |
Alguien ha estado aquí, alguien lo ha hecho |
| Place, publisher, and date of publication |
Mount Pleasant, SC : Arbordale Publishing, [2016] |
| International Standard Book Number |
9781628557558 |
| Record control number |
(DLC) 2015051402 |
| 942 ## - ADDED ENTRY ELEMENTS (KOHA) |
| Koha item type |
Libro/Book |
| Source of classification or shelving scheme |
Dewey Decimal Classification |